[Event "Club Championships"]
[Site "Wellington Chess Club"]
[Date "2013.10.17"]
[Round "?"]
[White "Konakanchi, Karthik"]
[Black "Aumeier, Beate"]
[Result "1-0"]
[WhiteElo "927"]
[BlackElo "992"]

1. e4 e5 2. Nf3 Nc6 3. Bb5 Nge7 4. O-O h6 5. c3 b6 6. d4 f6 7. d5 a6 8. Bxc6
dxc6 9. c4 Bd7 10. Nc3 c5 11. Be3 g5 12. Qd3 g4 13. Nh4 h5 14. Rfe1 Nc8 15. Re2
Rg8 16. Nf5 Nd6 17. Ng3 h4 18. Nf5 h3 19. g3 a5 20. a4 Qc8 21. Nxd6+ Bxd6 22.
b3 f5 23. Qd2 f4 24. gxf4 exf4 25. e5 f3 26. Qe1 Bxe5 27. Bf4 {Something's gone
wrong here. White won in 40 moves or so} 1-0

[Event "Club Championships"]
[Site "Wellington Chess Club"]
[Date "2013.10.17"]
[Round "?"]
[White "Nijman, Brian"]
[Black "Van der Hoorn, Mark"]
[Result "1/2-1/2"]
[WhiteElo "2186"]
[BlackElo "2230"]

1. g3 d5 2. Nf3 Nf6 3. c4 e6 4. Bg2 c6 5. O-O Be7 6. b3 O-O 7. d3 Nbd7 8. Re1
e5 9. Qc2 Re8 10. Bb2 Bb4 11. Rf1 e4 12. Ne1 e3 13. f4 Nf8 14. Bc3 Be7 15. Qb2
Bf5 16. Nc2 dxc4 17. bxc4 Bxd3 18. exd3 Qxd3 19. Bd4 e2 20. Re1 Rad8 21. Bxa7
Ne4 22. Bxe4 Qxe4 23. Nc3 Qxc4 24. Qb3 Qxb3 25. axb3 Bf6 26. Nxe2 Bxa1 27. Nxa1
Rxe2 28. Rxe2 Rd1+ 29. Kg2 Rxa1 30. Bc5 Ra8 31. Re7 b5 32. Rc7 Ne6 33. Rxc6
Nxc5 34. Rxc5 Rb8 35. Kf3 Kf8 36. Ke4 Ke7 37. Rc7+ Ke6 38. f5+ Kf6 39. Rc5 h5
40. h4 Re8+ 41. Kf4 b4 42. Rb5 Rd8 43. Rb6+ Ke7 44. Rxb4 Rd1 45. Re4+ Kf6 46.
Re3 Rd4+ 47. Re4 Rd1 48. b4 Rf1+ 49. Ke3 Re1+ 50. Kf3 Rf1+ 51. Ke3 Re1+ 52. Kd3
Rb1 53. Kc4 Kxf5 54. Re3 f6 55. b5 g5 56. hxg5 fxg5 57. Kc5 h4 58. gxh4 gxh4
59. b6 Kg4 60. Re8 h3 61. Rg8+ Kf3 62. Rf8+ Kg2 63. Rg8+ Kf2 1/2-1/2

[Event "Club Championships"]
[Site "Wellington Chess Club"]
[Date "2013.10.17"]
[Round "?"]
[White "Nyberg, Michael"]
[Black "Pomeroy, Arthur"]
[Result "1-0"]
[WhiteElo "2027"]
[BlackElo "2113"]

1. d4 Nf6 2. c4 g6 3. Nc3 Bg7 4. e4 d6 5. f3 O-O 6. Bd3 Nc6 7. Nge2 a6 8. Be3
b5 9. cxb5 axb5 10. Bxb5 Bd7 11. Qd2 Na5 12. Rc1 c6 13. Bd3 Qb8 14. O-O Ne8 15.
g4 Nc7 16. Bg5 Re8 17. h4 Ne6 18. Be3 Qb4 19. d5 Nc5 20. dxc6 Bxc6 21. b3 Nxd3
22. Qxd3 Nb7 23. Nd4 Bd7 24. Nd5 Nc5 25. Nxb4 1-0

[Event "Club Championships"]
[Site "Wellington Chess Club"]
[Date "2013.10.17"]
[Round "?"]
[White "Pandey, Alok"]
[Black "Timergazi, Layla"]
[Result "1-0"]
[WhiteElo "1901"]
[BlackElo "1889"]

1. d4 d5 2. c4 c6 3. Nc3 Nf6 4. Bg5 e6 5. e3 Nbd7 6. Nf3 Bb4 7. Bd3 Qa5 8. O-O
Bxc3 9. bxc3 Qxc3 10. Rc1 Qa5 11. Qc2 O-O 12. c5 h6 13. Bf4 Ne8 14. e4 dxe4 15.
Bxe4 f5 16. Qc4 fxe4 17. Qxe6+ Kh8 18. Nh4 Rxf4 19. Ng6+ Kh7 20. Qxe8 Rf6 21.
Ne7 Rf8 22. Qg6+ Kh8 23. Qe6 Rd8 24. Qf7 Qd2 25. Nf5 Qg5 26. Rc3 Ne5 27. Nxh6
Qxh6 28. dxe5 Bd7 29. Rg3 Rab8 30. Rg6 Qh7 31. Rd6 Qf5 32. Qe7 Re8 33. Qxd7
Qxd7 34. Rxd7 Rxe5 35. Rc1 Rd5 36. Re7 Rbd8 37. g3 Rd1+ 38. Rxd1 Rxd1+ 39. Kg2
Ra1 40. Rxb7 Rxa2 41. Rc7 Ra6 $2 (41... e3) 42. Kf1 Kg8 43. Ke2 Kf8 44. Ke3 g6
45. Kxe4 Ke8 46. Ke5 Ra2 47. Rxc6 Rxf2 48. h4 a5 49. Rxg6 1-0

[Event "Club Championships"]
[Site "Wellington Chess Club"]
[Date "2013.10.17"]
[Round "?"]
[White "Walters, Taina"]
[Black "Bennett, Ezra"]
[Result "1-0"]
[WhiteElo "1119"]
[BlackElo "853"]

1. e4 e5 2. Nf3 Nc6 3. Bb5 Nge7 4. O-O d5 5. Bxc6+ Nxc6 6. exd5 Qxd5 7. Nc3 Qe6
8. Ng5 Qg6 9. d3 b6 10. f4 Bb7 11. fxe5 Bc5+ 12. Kh1 O-O 13. Nce4 Bd4 14. Nf6+
Kh8 15. Nfxh7 Bxe5 16. Nxf8 Rxf8 17. Qf3 Na5 18. Qh3+ Kg8 19. Nf3 Bc8 20. Nxe5
Qd6 21. Qg3 f6 22. Bh6 g5 23. Bxf8 Kxf8 24. Ng6+ Kf7 25. Qxg5 Bb7 26. Nh8+ Ke7
27. Qg7+ Ke6 28. Rxf6+ Ke5 29. Nf7+ Kd5 30. Nxd6 cxd6 31. Qf7+ Kc6 32. Qe8+ Kc7
33. Rf7# 1-0

[Event "Club Championships"]
[Site "Wellington Chess Club"]
[Date "2013.10.17"]
[Round "7"]
[White "Farrington, Lawrence"]
[Black "Brockway, Andrew"]
[Result "1/2-1/2"]
[WhiteElo "1761"]
[BlackElo "1770"]

1. e4 c5 2. c3 g6 3. d4 cxd4 4. cxd4 d5 5. e5 Bg7 6. Nc3 Nc6 7. Be2 Nh6 8. Bf3
e6 9. Be3 Nf5 10. Nge2 Nxe3 11. fxe3 O-O 12. O-O f6 13. exf6 Bxf6 14. Qd2 Bd7
15. Rad1 Be8 16. b3 Ne7 17. Nf4 Bf7 18. Rc1 Rc8 19. Na4 Rxc1 20. Rxc1 b6 21.
Nc3 Qd7 22. Nce2 Rc8 23. Rxc8+ Qxc8 24. Qc3 Qxc3 25. Nxc3 Nf5 26. Kf2 Nxd4 27.
Nce2 Nxf3 28. gxf3 e5 29. Nd3 d4 30. f4 e4 31. Ne5 d3 32. Ng3 Bh4 33. Ke1 Bd5
34. Ng4 Kg7 35. Nf2 Bxg3 36. hxg3 Kf6 37. g4 h6 38. Kd2 Bc6 1/2-1/2

[Event "Club Championships"]
[Site "Wellington Chess Club"]
[Date "2013.10.17"]
[Round "9"]
[White "Sellen, Ian"]
[Black "Dive, Russell"]
[Result "0-1"]
[WhiteElo "2072"]
[BlackElo "2421"]

1. c4 c6 2. g3 d5 3. cxd5 cxd5 4. Bg2 Nc6 5. d4 Nf6 6. Nc3 a6 7. Nf3 h6 8. O-O
Bf5 9. Ne5 e6 10. Nxc6 bxc6 11. Qa4 Qb6 12. Re1 Be7 13. e4 dxe4 14. Nxe4 Nd5
15. Nc3 O-O 16. Nxd5 cxd5 17. Bxd5 exd5 18. Rxe7 Be4 19. Qa3 Qxd4 20. Be3 Qf6
21. Bf4 Rfc8 22. Rf1 Rc2 23. Be5 Qf5 24. g4 Qg5 25. h3 Rac8 26. Bd4 Rc1 27. Be3
Rxf1+ 28. Kxf1 Qf6 29. Rxe4 dxe4 30. Qb4 Qf3 0-1

[Event "Julian Mazur Memorial"]
[Site "Wellington Chess Club"]
[Date "2013.10.24"]
[Round "1"]
[White "Aldridge, Alan"]
[Black "Theodosiou, Andreas"]
[Result "1-0"]
[WhiteElo "1990"]
[BlackElo "1365"]

1. d4 e6 2. c4 b6 3. Nc3 Nf6 4. e4 Bb7 5. Bd3 d6 6. Nge2 e5 7. O-O Be7 8. f3
O-O 9. Be3 Na6 10. a3 c6 11. b4 Nc7 12. Qd2 Ne6 13. d5 cxd5 14. cxd5 Nc7 15.
Rac1 Ba6 16. Rc2 Bxd3 17. Qxd3 Qd7 18. Rfc1 Nfe8 19. Ng3 g6 20. Bh6 Ng7 21. Nd1
Bd8 22. Rc6 Rc8 23. Ne3 Bh4 {#Diagram Black has been battling bravely but White
has built a dominating position and now smashes through with a succession of
knight forks} 24. Bxg7 Kxg7 25. Ngf5+ gxf5 26. Nxf5+ Kh8 27. Nxh4 Qe7 28. Nf5
Qg5 29. Nxd6 Rg8 30. Nxf7+ 1-0

[Event "Julian Mazur Memorial"]
[Site "Wellington Chess Club"]
[Date "2013.10.24"]
[Round "1"]
[White "Dive, Russell"]
[Black "List, Robert"]
[Result "1-0"]
[WhiteElo "2421"]
[BlackElo "1702"]

1. Nf3 Nf6 2. c4 g6 3. g3 c5 4. Bg2 Bg7 5. O-O d5 6. cxd5 Nxd5 7. Qc2 Qd6 8.
Na3 O-O 9. Nc4 Nb4 10. Qb3 Qa6 11. d3 Be6 12. Ng5 b5 13. Nxe6 bxc4 14. Qxc4
Qxc4 15. dxc4 N4c6 16. Nxf8 Kxf8 17. Be3 Bd4 18. Bxd4 cxd4 19. b4 1-0

[Event "Julian Mazur Memorial"]
[Site "Wellington Chess Club"]
[Date "2013.10.24"]
[Round "1"]
[White "Forster, Bill"]
[Black "Wevita, Roshan"]
[Result "1-0"]
[WhiteElo "2071"]
[BlackElo "1511"]

1. Nf3 Nc6 2. d4 e6 3. g3 d5 4. Bg2 Bb4+ 5. c3 Ba5 6. O-O h6 7. e4 dxe4 8. Nfd2
f5 9. f3 exf3 10. Nxf3 Nf6 11. Nbd2 O-O 12. Nc4 Bb6 13. a4 Na5 14. Nxa5 Bxa5
15. b4 Bxb4 16. cxb4 c6 17. Bf4 a6 18. Be5 Nd5 19. Qd2 a5 20. bxa5 Rxa5 21.
Rfb1 Bd7 22. Rxb7 Ra8 23. a5 Rf7 24. Bd6 Bc8 25. Rxf7 Kxf7 26. Ne5+ Kg8 27. Bc5
Bb7 28. Rb1 Qc7 29. Bxd5 cxd5 30. Qb4 Ba6 31. Qb6 Qc8 32. Qd6 Bb7 33. Nd7 Bc6
34. Nb6 Qb7 35. Qxe6+ Kh8 36. Qxf5 Rxa5 37. Qf8+ Kh7 38. Re1 Ra7 39. Re7 Ra1+
40. Kg2 Ra2+ 41. Kh3 Bd7+ 42. Rxd7 1-0

[Event "Julian Mazur Memorial"]
[Site "Wellington Chess Club"]
[Date "2013.10.24"]
[Round "1"]
[White "Marney, John"]
[Black "Van der Hoorn, Mark"]
[Result "0-1"]
[WhiteElo "1600"]
[BlackElo "2230"]
[TimeControl "5400+30"]

1. e4 e5 2. Nf3 Nc6 3. d4 exd4 4. Bc4 Nf6 5. e5 d5 6. Bb5 Ne4 7. Nxd4 Bd7 8.
Bxc6 bxc6 9. Be3 Bc5 10. Nd2 O-O 11. O-O Qe7 12. N2f3 Bb6 13. Qe2 c5 14. Nb3
Bg4 15. Nbd2 Rfe8 16. Bf4 Nxd2 17. Qxd2 Bxf3 18. gxf3 c6 19. Rae1 Qe6 20. Kh1
Qf5 21. Qc1 c4 22. Re2 Re6 23. Rg1 Rae8 24. Rg5 Qh3 25. Rg3 Qh5 26. Qg1 Rg6 27.
Qg2 Qf5 28. Rxg6 hxg6 29. Bg3 d4 30. f4 d3 31. cxd3 cxd3 32. Rd2 Ba5 33. Qxc6
Rc8 34. Qa6 Qe4+ 35. Kg1 Rc1+ 0-1

[Event "Julian Mazur Memorial"]
[Site "Wellington Chess Club"]
[Date "2013.10.24"]
[Round "1"]
[White "Miriyala, Rama Rao"]
[Black "Sknar, Andrew"]
[Result "1-0"]
[WhiteElo "1906"]
[BlackElo "958"]

1. b4 d5 2. Bb2 Nc6 3. b5 Na5 4. e3 e5 5. Bxe5 c6 6. Nf3 cxb5 7. Bxb5+ Bd7 8.
Qe2 a6 9. Bd3 Be7 10. Bxg7 Bf6 11. Bxh8 Bxh8 12. Nc3 Bxc3 13. dxc3 Bf5 14. Bxf5
Nh6 15. Bxh7 Qb6 16. O-O Qb5 17. Qd2 d4 18. exd4 Qh5 19. Rfe1+ Kf8 20. Qf4 Ng4
21. Bf5 Nh6 22. Qd6+ Kg8 23. Bh3 Nc4 24. Qc7 Nb2 25. Qxb7 1-0

[Event "Julian Mazur Memorial"]
[Site "Wellington Chess Club"]
[Date "2013.10.24"]
[Round "1"]
[White "Pomeroy, Arthur"]
[Black "Cunningham, Patrick"]
[Result "1-0"]
[WhiteElo "2113"]
[BlackElo "1590"]

1. e4 e5 2. Nf3 Nc6 3. Bb5 a6 4. Ba4 d6 5. O-O Bd7 6. c3 Nf6 7. Re1 Be7 8. d4
O-O 9. Nbd2 b5 10. Bc2 Bg4 11. h3 Bd7 12. Nf1 Qc8 13. Ne3 Re8 14. Nd5 Nxd5 15.
exd5 Nd8 16. dxe5 dxe5 17. Nxe5 Bf5 18. Bxf5 Qxf5 19. Qf3 Qxf3 20. Nxf3 Nb7 21.
Bf4 Nd6 22. Re2 Bf6 23. Rae1 Kf8 24. Ne5 Bxe5 25. Bxe5 f6 26. Bxd6+ cxd6 27.
Rxe8+ Rxe8 28. Rxe8+ Kxe8 29. Kf1 Kf7 30. Ke2 f5 31. Ke3 Kf6 32. Kd4 g5 33. c4
bxc4 34. Kxc4 Ke5 35. b4 h5 36. a4 g4 37. b5 axb5+ 38. axb5 h4 39. b6 f4 40. f3
gxh3 41. gxh3 1-0

[Event "Julian Mazur Memorial"]
[Site "Wellington Chess Club"]
[Date "2013.10.24"]
[Round "1"]
[White "Sellen, Ian"]
[Black "Facchini, Fabrizio"]
[Result "1-0"]
[WhiteElo "2072"]
[BlackElo "1235"]

1. c4 Nf6 2. g3 e6 3. Bg2 Nc6 4. Nc3 Bb4 5. e3 b6 6. Nf3 Bb7 7. O-O O-O 8. d4
d5 9. Ne5 Bxc3 10. Nxc6 Bxc6 11. bxc3 Rc8 12. Qc2 Qd7 13. cxd5 Nxd5 14. e4 Ne7
15. a4 Ba8 16. Ba3 Rfd8 17. Rfe1 c5 18. dxc5 bxc5 19. Rad1 Qc7 20. Rd2 Rxd2 21.
Qxd2 Rd8 22. Qe3 c4 23. Qc5 Qxc5 24. Bxc5 Nc6 25. f4 Rd3 26. Re3 Rd7 27. Bf1
Na5 28. Bb4 Nc6 29. Ba3 Na5 30. Re1 Bc6 31. Bb4 Nb3 32. a5 Nd2 33. Bg2 Ba4 34.
Kf2 f5 35. exf5 exf5 36. Re5 {#Diagram} 36... Bc2 $4 (36... g6 {and Black is
fighting hard} ) 37. Bd5+ Rxd5 38. Rxd5 Ne4+ 39. Ke3 Kf7 40. Rxf5+ Kg6 41. g4
Nf2 42. Rg5+ Kf6 43. Kxf2 h6 44. Rc5 1-0

[Event "Julian Mazur Memorial"]
[Site "Wellington Chess Club"]
[Date "2013.10.24"]
[Round "1"]
[White "Sknar, Andrew"]
[Black "Nyberg, Michael"]
[Result "0-1"]
[WhiteElo "1370"]
[BlackElo "2027"]

1. e4 c6 2. e5 d5 3. d4 Bf5 4. b4 Qb6 5. c3 a5 6. a3 axb4 7. cxb4 e6 8. Bb2 Na6
9. Bxa6 Rxa6 10. g4 Be4 11. f3 Bg6 12. Ne2 h5 13. g5 Ne7 14. h4 Nf5 15. Qd2 Be7
16. Kf2 O-O 17. Ng3 Rfa8 18. Nc3 Qxd4+ 19. Qxd4 Nxd4 20. Nce2 Nc2 21. Rac1 Nxa3
22. Bc3 Nb5 23. Ra1 Rxa1 24. Bxa1 Bxb4 25. Rd1 Ra2 26. Kf1 Bc2 27. Rc1 Bd2 28.
Rxc2 Rxc2 29. Kf2 c5 30. Nxh5 Ra2 31. Nf6+ gxf6 32. exf6 Rxa1 33. h5 Bxg5 34.
Kg3 Re1 35. f4 Bh4+ 36. Kxh4 Rxe2 37. Kg5 Nd6 38. h6 Rg2+ 39. Kh5 Kh7 40. f5 e5
41. Kh4 Nxf5+ 42. Kh5 Nd4 43. Kh4 Nf3+ 44. Kh3 Kxh6 45. Kxg2 e4 46. Kg3 Kg5 47.
Kf2 Kf4 48. Ke2 d4 49. Kd1 d3 0-1

[Event "Julian Mazur Memorial"]
[Site "Wellington Chess Club"]
[Date "2013.10.24"]
[Round "1"]
[White "Veldhuizen, Matt"]
[Black "Stone, Andrew"]
[Result "0-1"]
[WhiteElo "1574"]
[BlackElo "2076"]

1. c4 Nf6 2. g3 c6 3. Bg2 d5 4. cxd5 cxd5 5. d4 Bf5 6. Nc3 e6 7. Nf3 Qb6 8. O-O
Nc6 9. a3 Rc8 10. Qa4 Be7 11. Rd1 O-O 12. Nh4 Bg4 13. Nf3 Na5 14. Qb5 Nb3 15.
Qxb6 axb6 16. Ra2 Ne4 17. Bf4 {#Diagram} 17... Rxc3 {Looks good, although the
computer disapproves and wants Black to play the more prosaic}  (17... Nxc3)
18. bxc3 Nxc3 19. Rd3 Nxa2 20. Rxb3 Rc8 21. Rxb6 Nc3 22. Bf1 Bxa3 23. Rxb7 f6
24. Kg2 g5 25. Rb8 e5 26. Rxc8+ Bxc8 {#Diagram} 27. dxe5 $4 {I can understand
the decision to resign in disgust after confusing the move order like this, but
it might have been worthwhile testing Andrew's technique as Black doesn't have
many pawns left.} 0-1

[Event "Julian Mazur Memorial"]
[Site "Wellington Chess Club"]
[Date "2013.10.24"]
[Round "1"]
[White "Wastney, Scott"]
[Black "Farrington, Lawrence"]
[Result "1-0"]
[WhiteElo "2447"]
[BlackElo "1761"]

1. e4 e6 2. d4 d5 3. Bd3 c5 4. exd5 Qxd5 5. Nc3 Qxd4 (5... Qxg2 $4 6. Be4
{traps the Queen.  A nice trap to know!} ) 6. Nb5 Qe5+ (6... Qd8 7. Bf4 Na6 8.
Qe2 {followed by 0-0-0 and white has a strong attack.} ) 7. Ne2 Na6 { if}  (
7... g5 8. f4 {wins} ) 8. Bf4 Qf6 {#Diagram}  (8... Qxb2 $2 9. Rb1 Qf6 {wins
another pawn but furthers white's development} ) 9. Nd6+ $6 {Based on a
miscalculation} 9... Ke7 $4 {This is what I calculated: }  (9... Bxd6 10. Bb5+
Bd7 (10... Kf8 $4 11. Bxd6+ Ne7 12. Be5 {threatening mate and the queen.} ) 11.
Bxd7+ Kxd7 12. Qxd6+ Ke8 13. Be5 {and I considered the Queen moving to g6, h6
or g5, assuming he had to keep the g7 pawn protected.  White wins against all
these moves with Rd1, but what I missed was } 13... Qe7 $1 {which equalises as
an exchange of queens allows back to free his rook from the corner.} ) 10. Bb5
{The threat is Nc8+ followed by mate.  It even works if black moves his bishop
to d7} 10... e5 11. Nxc8+ ( {Bill:} 11. Nxc8+ Ke6 12. Bd7# {is very pretty, but
Black elects to deprive the gallery of this. Lawrence, like JR Capablanca, has
never been mated although perhaps there aren't many other similarities.} ) 1-0

[Event "Julian Mazur Memorial"]
[Site "Wellington Chess Club"]
[Date "2013.10.24"]
[Round "1"]
[White "Whittle, Jonathon"]
[Black "Ker, Anthony"]
[Result "0-1"]
[WhiteElo "1736"]
[BlackElo "2422"]

1. Nf3 d6 2. c4 e5 3. g3 Nc6 4. Nc3 f5 5. d3 Nf6 6. Bg2 Be7 7. Nd5 O-O 8. Nd2
Be6 9. b4 a6 10. f4 Qd7 11. O-O Rae8 12. Bb2 Bd8 13. Qb3 Bf7 14. Nf3 exf4 15.
Nxf4 Ng4 16. Nd5 Rxe2 17. Nd4 Rxg2+ 18. Kxg2 Bxd5+ 19. cxd5 Ne3+ 20. Kg1 Nxd4
21. Bxd4 Nxf1 22. Rxf1 f4 23. Rf3 Qg4 24. Rf1 fxg3 25. Rxf8+ Kxf8 26. Qb2 gxh2+
27. Kxh2 Bh4 28. Bxg7+ Qxg7 29. Qxg7+ Kxg7 0-1

[Event "Julian Mazur Memorial"]
[Site "Wellington Chess Club"]
[Date "2013.10.24"]
[Round "1"]
[White "Wight, Joshua"]
[Black "Stoeveken, Peter"]
[Result "0-1"]
[WhiteElo "1231"]
[BlackElo "1910"]

1. e4 e6 2. d4 d5 3. e5 c5 4. c3 Nc6 5. Nf3 Qb6 6. b3 cxd4 7. cxd4 Bb4+ 8. Bd2
Nxd4 9. a3 Nxf3+ 10. Qxf3 Bc5 11. Bd3 Bd4 12. Be3 Bxe3 13. Qxe3 Qxb3 14. O-O
Bd7 15. Nd2 Qa4 16. Qc5 Qc6 17. Qa5 b6 18. Qb4 Qc7 19. Rfc1 Qxe5 20. Nf3 Qf6
21. Ra2 Ne7 22. Bb5 Rc8 23. Rxc8+ Nxc8 24. h3 Qe7 25. Bxd7+ Qxd7 26. Ne5 Qd6
27. Qb5+ Kf8 28. f4 a6 29. Qxa6 Qc5+ 30. Kh2 Qc7 31. g3 f6 32. Nf3 Kf7 33. Nd4
Nd6 34. Rc2 Nc4 35. Nb5 Qd7 36. a4 Rc8 37. Na3 Nd6 38. Rxc8 Nxc8 39. Nb5 Ke7
40. Nd4 Kf7 41. Qb5 Qxb5 42. Nxb5 e5 43. fxe5 fxe5 44. Kg2 Ke6 45. Kf3 Nd6 46.
Nc7+ Kd7 47. Nxd5 Kc6 48. Nc3 Kc5 49. Ne4+ Nxe4 50. Kxe4 Kb4 51. Kxe5 Kxa4 52.
Ke6 b5 53. Kf7 g5 54. h4 gxh4 55. gxh4 b4 56. Kg7 0-1

[Event "Julian Mazur Memorial"]
[Site "Wellington Chess Club"]
[Date "2013.10.31"]
[Round "2"]
[White "Brockway, Andrew"]
[Black "Forster, Bill"]
[Result "0-1"]
[WhiteElo "1770"]
[BlackElo "2071"]

{I thought it might be a cleansing experience to write a few notes on this
game. So here we go. (Bill feel free to add your thoughts if you feel inclined.
)} 1. e4 d6 2. d4 Nf6 3. Nc3 c6 {Bill is playing the Pribyl defence. I
understand Kasparov played this against Deep Blue to try and get the machine
out of book.} 4. f4 Qa5 5. Bd3 e5 6. Nf3 Nbd7 7. O-O Be7 8. Kh1 O-O 9. Qe1 {I
was in book until this point. In particular I had been following a game Bologan
vs Bachin from 2003. The same position had been reached in a game between Bill
and Andrew Stone. Perhaps Andrew has the same book as me? <i>Ed: Goodness me I
am impressed by Andrew's book knowledge of this obscure opening. I must admit I
play it mainly with the hope White won't play 4.f4, at which point a quiet
manoevring Philidorish position usually arises. I am comfortable with those
positions, but if White knows or finds 4.f4 and 5.Bd3 I find myself thinking,
bugger, I wish I had memorised the sharp variations I'm now faced with, but
instead I am going to have to wing it</i>} 9... Re8 { Bill deviates from the
Andrew Stone game where Bill played Nh5 which didn't work out too well.} 10.
Nd5 {I decided to exchange and gain the Bishop pair which is consistent with
the game referred to earlier.} 10... Qxe1 11. Nxe7+ Rxe7 12. Rxe1 exd4 13. Nxd4
{#Diagram} 13... Nf8 $2 {<i>Ed: immediately after completing this lemon I
realised the strength of 13...Nc5! instead and I proceeded to waste lots of
time dreaming about what might have been. Good players never do this, stay in
the moment as the sports psychologists advise!</i>}  (13... Nc5 {As Bill noted
after the game he could have played something like the line that follows and
obtained a nice advantage.} 14. e5 Nxd3 15. cxd3 dxe5 16. fxe5 Ng4) 14. f5 {I
wasn't sure about f5 at the time. I thought I would gain space and restrict the
Knight on f8. The downside is that I allow the other Knight to go to g4 and
lose control of e5 <i>Ed: I think it's good, it reminds me of the famous game
Lasker-Capablanca St Petersburg 1909, Black gets e5 but otherwise just
suffers</i>.} 14... Ng4 15. Bg5 Re8 16. Re2 Ne5 17. Rae1 Bd7 18. Nf3 c5 19.
Nxe5 {I thought this was ok for me as I get my Bishop to c4 and as my other
Bishop is covering d8 I will be first to get a rook to the d file.} 19... dxe5
20. Bc4 Bc6 21. Rd2 h6 22. Bh4 g5 $2 {<i>Ed: I hated the idea of White doubling
rooks behind a bishop on d5 and decided I needed to contest the d file at any
cost - but I missed 24.Bf6! retaining control of d8 and leaving me hopelessly
placed</i>} 23. fxg6 Nxg6 {<i>Ed: by now I realised my mistake and was
wondering how to keep the game going after Bf6!</i>} 24. Bg3 {<i>phew</i> As
noted by Bill and confirmed by Rybka Bf6 looks much better.} 24... Rad8 25. Rf2
Re7 26. Ref1 {#Diagram} 26... Bxe4 {Bill suffers from an optical illusion or
was it delusion? I will leave him to explain but it ended with thinking his
King had undergone a sex change.} 27. Bxf7+ Rxf7 ( {<i>Ed: if</i>} 27... Kg7
28. Bxg6 Bxg6 29. Bh4 {<i>I was aware of this unfortunate rook configuration
when I played 25...Re7 instead of 25...Rd7 but I wanted to keep my d rook on
the d file to force mate in the hallucinatory sex change line below!</i>} ) 28.
Rxf7 {<i>Ed: When I played the blunder 26...Bxe4 I had somehow convinced myself
that 27.Bxf7+ was a mistake because of a back rank tactic. But as Andrew notes
this would require my king to change into a queen so that I could now play
28...Qxf7 with mate to follow if White recaptures the King, er um Queen</i>}
28... Nf4 {Bill tries some trickiness. Fortunately I managed to see through it
despite my clock not being in great shape.} 29. Bxf4 Kxf7 30. Bg5+ Ke8 31. Bxd8
Kxd8 32. c3 Ke7 33. Re1 Bd5 34. Rxe5+ Kd6 35. Rxd5+ {An awful move by me. I
thought I was exchanging into a won King and pawn ending. I probably was but
the following variation was convincing. I end up a pawn and exchange ahead with
2 outside passed pawns. }  (35. Rh5 Bxa2 36. Rxh6+) 35... Kxd5 36. g4 Ke5 37.
Kg2 Kf4 38. h3 b5 39. b3 a5 {#Diagram I am unsure if these moves are correct
<i>(Ed: yes they are)</i>. If they are 40.c4 and I am still winning.} 40. a4 $4
{A real howler this time you know the kind that featured at Hogwarts.}  (
{<i>Ed: after the game Mark van der Hoorn demonstrated that</i>} 40. a3
{<i>also wins, after my intended</i>} 40... b4 {<i>(every Russian schoolboy
knows this trick)</i>} 41. cxb4 a4 42. bxa4 c4 43. Kf2 $1 {<i>catches the c
pawn</i>} ) 40... c4 $1 41. bxc4 bxa4 42. c5 a3 $4 {I think this is the correct
position because I remember thinking at the time Bill just needs to bring his
King over and I am doomed. Are we back to a draw? <i>Ed: Yes Andrew you have
the moves recorded correctly. I was so pleased to think I was heading for an
advantageous Queen and pawn ending so soon after being totally lost that I
didn't notice my king was in the square, so I could have had a whole extra
queen!</i>} 43. c6 a2 44. c7 a1=Q 45. c8=Q Qb2+ 46. Kh1 {There is no coming
back from this 3rd Howler. Mr Stone wanted to know what my King was doing here?
I guess he was hoping for a visit from the black queen.} 46... Kg3 47. Qc7+
Kxh3 0-1

[Event "Julian Mazur Memorial"]
[Site "Wellington Chess Club"]
[Date "2013.10.31"]
[Round "2"]
[White "Facchini, Fabrizio"]
[Black "Marney, John"]
[Result "0-1"]
[WhiteElo "1235"]
[BlackElo "1600"]

1. e4 e6 2. d4 d5 3. e5 c5 4. c3 Nc6 5. f4 Nh6 6. Be2 cxd4 7. cxd4 Bb4+ 8. Nc3
Nf5 9. Nf3 Qb6 10. a3 Be7 11. Bb5 Bd7 12. Bxc6 Bxc6 13. O-O O-O 14. g4 Nh6 15.
Ng5 Bd7 16. Qd3 g6 17. Nxh7 Kxh7 18. g5 Nf5 19. Qh3+ Kg7 20. Be3 Rh8 21. Qf3
Qxb2 22. Ne2 Bb5 23. Rfe1 Bxe2 24. Qf2 Nxe3 25. Qxe3 Ba6 26. Qf2 Qxf2+ 27. Kxf2
Rxh2+ 28. Kg3 Rah8 29. Rac1 Bc4 30. Rb1 b5 31. a4 b4 0-1